Romney Vs. Obama : (Record no. 7105)

MARC details
000 -LEADER
fixed length control field 00845nam a22002297a 4500
001 - CONTROL NUMBER
control field 7105
003 - CONTROL NUMBER IDENTIFIER
control field FISKH
005 - DATE AND TIME OF LATEST TRANSACTION
control field 20250623161953.0
008 - FIXED-LENGTH DATA ELEMENTS--GENERAL INFORMATION
fixed length control field 250623b cb ||||| |||| 00| 0 eng d
020 ## - INTERNATIONAL STANDARD BOOK NUMBER
International Standard Book Number 9780531224991
040 ## - CATALOGING SOURCE
Original cataloging agency FISKH
Language of cataloging eng
Transcribing agency FISKH
Modifying agency FISKH
082 ## - DEWEY DECIMAL CLASSIFICATION NUMBER
Classification number 324.973
100 ## - MAIN ENTRY--PERSONAL NAME
Personal name Benoit, Peter
245 ## - TITLE STATEMENT
Title Romney Vs. Obama :
Statement of responsibility, etc. By Peter Benoit
Remainder of title Election 2012 /
260 ## - PUBLICATION, DISTRIBUTION, ETC.
Place of publication, distribution, etc. New York :
Name of publisher, distributor, etc. Children's Press ,
Date of publication, distribution, etc. 2013.
300 ## - PHYSICAL DESCRIPTION
Extent 64 pages :
Other physical details color illustrations ;
Dimensions 23 cm .
490 ## - SERIES STATEMENT
Series statement Cornerstones of Freedom
Volume/sequential designation Third Series
520 ## - SUMMARY, ETC.
Summary, etc. "Read about the lives and political positions of this year's Democratic and Republican presidential candidates, and learn how one of these men will shape the nation's future." -- P. [4] of cover.
650 ## - SUBJECT ADDED ENTRY--TOPICAL TERM
Topical term or geographic name entry element American history
Form subdivision Non-fiction
942 ## - ADDED ENTRY ELEMENTS (KOHA)
Source of classification or shelving scheme Dewey Decimal Classification
Koha item type Books
Suppress in OPAC No
Holdings
Withdrawn status Lost status Source of classification or shelving scheme Damaged status Not for loan Collection Home library Current library Shelving location Date acquired Total Checkouts Full call number Barcode Date last seen Date last checked out Copy number Price effective from Koha item type
    Library of Congress Classification     Non-Fiction Footprints International School Library Network Toul Tom Poung Campus Footprints International School Library Network Toul Tom Poung Campus TTP Secondary Non-Fiction Bookshelves 06/23/2025 1 BEN 324.973 FISSE00916 09/30/2025 07/15/2025 1 06/23/2025 Books
    Library of Congress Classification     Non-Fiction Footprints International School Library Network Toul Tom Poung Campus Footprints International School Library Network Toul Tom Poung Campus TTP Secondary Non-Fiction Bookshelves 03/25/2026   BEN 324.973 FISTK04719 03/25/2026   2 03/25/2026 Books